00610nam a2200205Ia 4500003000900000008004100009040001300050040001300063041000800076100002200084245001500106250000900121260002500130260000900155300000800164490000600172942000700178999001700185952020200202IT-RoPAU120407s9999 xx 000 0 und d aIT-RoPAU cIT-RoPAU aita aGiacomo Alberione aSan Paolo aRoma aCasa Generalizia SSP c1957 c cm v1 cBK c23574d23574 00102ddc406SPG__8_00000000000000071aPAULUSbPAULUSd2012-04-11l0oSPG.8r2012-04-11 00:00:00w2012-04-11yBKzInserito da: Sergio In data: 27 settembre 2011 fondo: Via A.Severo 56 Progr:31803